000 00516nam a2200193 a 4500
001 1769948270860
003 YourLibrary
005 20260201175204.0
008 260201s2008##################000#0#eng##
020 _a9780230522145
082 0 4 _a330.947
_bPIC
100 1 _aPickles, John,
_eauthor.
245 1 0 _aState and Society in Post-Socialist Economies :
260 _bPalgrave MacMillan,
_c2008.
300 _a314 pages
650 0 _aHistory.
942 _cENGLISH
040 _aYourLibrary
_beng
_cYourLibrary
999 _c609976
_d609976